[Event "Fagernes op"]
[Site "Fagernes"]
[Date "2025.04.18"]
[Round "7"]
[White "Halvorsen, Benjamin"]
[Black "Strand, Amund Pihl"]
[Result "1-0"]
[WhiteElo "1966"]
[BlackElo "1914"]
[PlyCount "69"]
[EventDate "2025.04.13"]
[EventType "swiss"]
[EventRounds "9"]
[EventCountry "NOR"]
[SourceTitle "CB17_2025"]
[SourceDate "2025.04.23"]
[SourceVersion "1"]
[SourceVersionDate "2025.04.23"]
[SourceQuality "1"]

1. e4 c5 2. Nf3 e6 3. g3 Nc6 4. Bg2 e5 5. 0-0 Be7 6. c3 Nf6 7. Re1 d6 8. d4 Bg4 9. Qd3 Bxf3 10. Bxf3 cxd4 11. b4 dxc3 12. Nxc3 0-0 13. a3 Nd4 14. Bd1 a6 15. Be3 Ne6 16. f4 h6 17. f5 Ng5 18. h4 Ngh7 19. Kg2 Rc8 20. Rc1 Qd7 21. g4 Rxc3 22. Rxc3 d5 23. Bc5 d4 24. Bxe7 Qxe7 25. Rc2 Rd8 26. Bf3 Ne8 27. Kg3 Nd6 28. Rec1 Nb5 29. Rc8 Re8 30. R1c5 f6 31. Bd1 Nf8 32. Bb3+ Kh8 33. Qc4 Nd7 34. Rxe8+ Qxe8 35. Rc8 1-0

[Event "Fagernes op"]
[Site "Fagernes"]
[Date "2025.04.14"]
[Round "2"]
[White "Halvorsen, Benjamin"]
[Black "Torfoss, Sivert Schanche"]
[Result "0-1"]
[WhiteElo "1966"]
[BlackElo "2141"]
[PlyCount "232"]
[EventDate "2025.04.13"]
[EventType "swiss"]
[EventRounds "9"]
[EventCountry "NOR"]
[SourceTitle "CB17_2025"]
[SourceDate "2025.04.23"]
[SourceVersion "1"]
[SourceVersionDate "2025.04.23"]
[SourceQuality "1"]

1. e4 e5 2. Nf3 Nc6 3. Bc4 Bc5 4. c3 Nf6 5. d4 exd4 6. b4 Be7 7. e5 Ng4 8. cxd4 Bxb4+ 9. Bd2 Bxd2+ 10. Nbxd2 d5 11. exd6 0-0 12. dxc7 Qxc7 13. h3 Re8+ 14. Be2 Bf5 15. Nb3 Nf6 16. 0-0 Rad8 17. Rc1 Qf4 18. Bb5 Be4 19. Nbd2 Bd5 20. Qa4 Ne4 21. Nxe4 Rxe4 22. Bxc6 Bxc6 23. Qxa7 Ree8 24. Rc3 h6 25. Qc5 Rd5 26. Qa3 Rdd8 27. Re3 Rf8 28. Rd1 Ra8 29. Qb2 Rfd8 30. Qd2 Qf6 31. Ne5 Bd5 32. a3 Ra6 33. Qb2 Rad6 34. Qc3 Qh4 35. Rg3 Be6 36. Rgd3 Qe4 37. Re3 Qf5 38. Nf3 Qh5 39. Re5 Qg6 40. Kh2 Bd5 41. Nh4 Qf6 42. Nf5 R6d7 43. Rd2 Be6 44. Qc5 g6 45. Ne3 b6 46. Qxb6 Rxd4 47. Rxe6 Qxe6 48. Qxe6 fxe6 49. Rb2 Rd2 50. Rb7 R8d7 51. Rb8+ Kg7 52. Kg3 Rf7 53. f3 Rd3 54. Nc4 Rc7 55. Ne5 Re3 56. Ng4 Rxa3 57. Rb6 Re7 58. Nf2 Ra2 59. Ne4 Rc2 60. h4 Kf7 61. Ra6 Rd7 62. Kh3 Rcc7 63. Rb6 Re7 64. Ra6 Rc1 65. Kh2 Rc2 66. Kh3 Rec7 67. Kg3 Re2 68. Kh3 Ke7 69. Rb6 h5 70. Ra6 Rb7 71. g4 Re3 72. Kg3 hxg4 73. Kxg4 Re1 74. Kg5 Rg1+ 75. Kf4 Rc7 76. Rb6 Rf1 77. Ra6 Rb7 78. Rc6 Ra7 79. Nc5 e5+ 80. Kxe5 Rxf3 81. Rxg6 Ra5 82. Rg7+ Rf7 83. Rxf7+ Kxf7 84. Kd4 Kg6 85. Ne4 Kh5 86. Nf6+ Kxh4 87. Ne4 Kg4 88. Nc3 Kf5 89. Kc4 Ke5 90. Nb5 Ra4+ 91. Kb3 Rh4 92. Nc3 Kd4 93. Nb5+ Kc5 94. Nc3 Rh3 95. Kc2 Kc4 96. Ne4 Rh2+ 97. Nd2+ Kd4 98. Kd1 Kd3 99. Nf1 Re2 100. Ng3 Re8 101. Nf1 Rg8 102. Ke1 Rg2 103. Kd1 Ra2 104. Ke1 Rb2 105. Ng3 Rg2 106. Nf1 Re2+ 107. Kd1 Re7 108. Ng3 Re8 109. Nf1 Re6 110. Ng3 Ke3 111. Nf1+ Kd3 112. Ng3 Ra6 113. Ke1 Ra2 114. Nf1 Re2+ 115. Kd1 Rf2 116. Ng3 Rf3 0-1

[Event "NOR-chT Club"]
[Site "Drammen"]
[Date "2024.05.12"]
[Round "6.3"]
[White "Fiskaaen, Martin Holten"]
[Black "Halvorsen, Benjamin"]
[Result "1-0"]
[WhiteElo "2116"]
[BlackElo "1876"]
[PlyCount "73"]
[EventDate "2024.05.09"]
[EventType "team-swiss"]
[EventRounds "6"]
[EventCountry "NOR"]
[SourceTitle "CBM 220 Extra"]
[Source "ChessBase"]
[SourceDate "2024.07.31"]
[SourceVersion "1"]
[SourceVersionDate "2024.07.31"]
[SourceQuality "1"]
[WhiteTeam "Stavanger"]
[BlackTeam "Tromsoe"]
[WhiteTeamCountry "NOR"]
[BlackTeamCountry "NOR"]

1. d4 e6 2. c4 Nf6 3. g3 d5 4. Nf3 Be7 5. Bg2 0-0 6. 0-0 dxc4 7. Qc2 c6 8. a4 b6 9. Nbd2 Bb7 10. Nxc4 Nbd7 11. Rd1 c5 12. Nfe5 Bxg2 13. Kxg2 Qc7 14. Bf4 Nd5 15. Nxd7 Nxf4+ 16. gxf4 Qxd7 17. dxc5 Qc6+ 18. Kg1 Bxc5 19. e3 Be7 20. Rac1 Rac8 21. b3 Rfd8 22. Rxd8+ Bxd8 23. Rd1 Bh4 24. Qe2 g6 25. Qg4 Rd8 26. Rxd8+ Bxd8 27. Qg2 Qd7 28. Qf3 Qd3 29. Ne5 Qxb3 30. Qb7 Qb1+ 31. Kg2 Qf5 32. Qa8 Kg7 33. Qxd8 Qe4+ 34. Kg3 Qxa4 35. Qe7 Qd1 36. Qxf7+ Kh6 37. Ng4+ 1-0

[Event "NOR-chT Club"]
[Site "Drammen"]
[Date "2024.05.11"]
[Round "4.3"]
[White "Persson, Mats"]
[Black "Halvorsen, Benjamin"]
[Result "1-0"]
[WhiteElo "2268"]
[BlackElo "1876"]
[PlyCount "37"]
[EventDate "2024.05.09"]
[EventType "team-swiss"]
[EventRounds "6"]
[EventCountry "NOR"]
[SourceTitle "CBM 220 Extra"]
[Source "ChessBase"]
[SourceDate "2024.07.31"]
[SourceVersion "1"]
[SourceVersionDate "2024.07.31"]
[SourceQuality "1"]
[WhiteTeam "OSS II"]
[BlackTeam "Tromsoe"]
[WhiteTeamCountry "NOR"]
[BlackTeamCountry "NOR"]

1. e4 c5 2. Nf3 d6 3. Bb5+ Bd7 4. Bxd7+ Nxd7 5. 0-0 Ngf6 6. d3 e6 7. c4 Be7 8. Nc3 0-0 9. Qe2 a6 10. Ne1 Ne5 11. f4 Nc6 12. g4 Nd4 13. Qg2 Nd7 14. g5 f6 15. h4 Qe8 16. Be3 Qh5 17. Qg3 h6 18. gxh6 Kh7 19. Qxg7# 1-0

[Event "Benidorm op-A"]
[Site "Benidorm"]
[Date "2023.11.03"]
[Round "7"]
[White "Halvorsen, Benjamin"]
[Black "Rutherford, William"]
[Result "1/2-1/2"]
[WhiteElo "1801"]
[BlackElo "1926"]
[PlyCount "121"]
[EventDate "2023.10.29"]
[EventType "swiss"]
[EventRounds "9"]
[EventCountry "ESP"]
[SourceTitle "CBM 217 Extra"]
[Source "ChessBase"]
[SourceDate "2024.01.31"]
[SourceVersion "1"]
[SourceVersionDate "2024.01.31"]
[SourceQuality "1"]

1. e4 c6 2. d4 d5 3. Nc3 dxe4 4. Nxe4 Bf5 5. Ng3 Bg6 6. Nf3 Nd7 7. Nh4 e6 8. Nxg6 hxg6 9. Be2 Ngf6 10. Bg5 Qc7 11. Qd2 Bd6 12. Bf3 Bxg3 13. fxg3 Rxh2 14. 0-0-0 Rxh1 15. Rxh1 0-0-0 16. Bf4 Qb6 17. Qf2 Qa5 18. Kb1 Nb6 19. g4 Nc4 20. b3 Na3+ 21. Kb2 Nb5 22. Bd2 Qa3+ 23. Kb1 Nxd4 24. Bc3 Qc5 25. Be1 Qd6 26. Bc3 Nb5 27. Bb2 Qf4 28. a4 Nd4 29. Rd1 Nxf3 30. Rxd8+ Kxd8 31. gxf3 b6 32. Qe2 Qc7 33. Qe1 Qd6 34. Ka2 Qd5 35. Qe2 Ne8 36. Qa6 Qd7 37. a5 b5 38. Bc1 Nd6 39. Be3 Nc8 40. c4 bxc4 41. Qxc4 Qd5 42. Qc3 f6 43. Bc5 e5 44. Qe3 Ke8 45. Kb2 Qd7 46. b4 Qf7 47. Qe4 Ne7 48. Bxa7 Nd5 49. Bc5 Kd8 50. a6 Kc8 51. a7 Kb7 52. Ka3 Nc3 53. Qc2 Nb5+ 54. Kb2 Qd7 55. Qxg6 Nxa7 56. Bf8 Qd2+ 57. Qc2 Qd4+ 58. Kc1 Nb5 59. Qc5 Qf4+ 60. Kb2 Qd2+ 61. Qc2 1/2-1/2

[Event "Benidorm op-A"]
[Site "Benidorm"]
[Date "2023.11.02"]
[Round "6"]
[White "Hernandez Tellez, Claudia"]
[Black "Halvorsen, Benjamin"]
[Result "1-0"]
[WhiteElo "1969"]
[BlackElo "1801"]
[PlyCount "47"]
[EventDate "2023.10.29"]
[EventType "swiss"]
[EventRounds "9"]
[EventCountry "ESP"]
[SourceTitle "CBM 217 Extra"]
[Source "ChessBase"]
[SourceDate "2024.01.31"]
[SourceVersion "1"]
[SourceVersionDate "2024.01.31"]
[SourceQuality "1"]

1. e4 d6 2. d4 Nf6 3. Nc3 g6 4. f4 Bg7 5. Nf3 c5 6. d5 0-0 7. Bd3 e6 8. 0-0 exd5 9. Nxd5 Nxd5 10. exd5 Nd7 11. f5 Ne5 12. Nxe5 Bxe5 13. Qg4 Qf6 14. c3 Bxc3 15. bxc3 Qxc3 16. Bh6 Qxd3 17. Bxf8 Kxf8 18. Qf4 Bxf5 19. g4 Re8 20. Rad1 Qc2 21. Rd2 Re4 22. Qxd6+ Kg8 23. Rxc2 Rxg4+ 24. Rg2 1-0

[Event "Benidorm op-A"]
[Site "Benidorm"]
[Date "2023.11.01"]
[Round "4"]
[White "Nava Pereda, Carlos"]
[Black "Halvorsen, Benjamin"]
[Result "1-0"]
[WhiteElo "2182"]
[BlackElo "1801"]
[PlyCount "61"]
[EventDate "2023.10.29"]
[EventType "swiss"]
[EventRounds "9"]
[EventCountry "ESP"]
[SourceTitle "CBM 217 Extra"]
[Source "ChessBase"]
[SourceDate "2024.01.31"]
[SourceVersion "1"]
[SourceVersionDate "2024.01.31"]
[SourceQuality "1"]

1. Nf3 Nf6 2. c4 e6 3. g3 b6 4. Bg2 Bb7 5. 0-0 c5 6. Nc3 Be7 7. Re1 d5 8. cxd5 exd5 9. d4 0-0 10. Bf4 a6 11. dxc5 bxc5 12. Qb3 Bc8 13. Rad1 c4 14. Qc2 Nc6 15. Ne5 Nxe5 16. Bxe5 Be6 17. e4 Bb4 18. exd5 Bd7 19. h3 h5 20. Qe2 Re8 21. Qxc4 Qa5 22. a3 Bf8 23. Qf4 Nh7 24. d6 Rad8 25. Bd5 Be6 26. d7 Rxd7 27. Bxe6 Rde7 28. Bd5 Nf6 29. Re3 Nxd5 30. Nxd5 Rd7 31. Bc7 1-0

[Event "Nordic-ch U20 Gp-A"]
[Site "Helsingborg"]
[Date "2022.08.27"]
[Round "3"]
[White "Halvorsen, Benjamin"]
[Black "Hausken, Andreas Skrede"]
[Result "1/2-1/2"]
[WhiteElo "1767"]
[BlackElo "2042"]
[PlyCount "118"]
[EventDate "2022.08.26"]
[EventType "swiss"]
[EventRounds "6"]
[EventCountry "SWE"]
[SourceTitle "CBM 209 Extra"]
[Source "ChessBase"]
[SourceDate "2022.09.30"]
[SourceVersion "1"]
[SourceVersionDate "2022.09.30"]
[SourceQuality "1"]

1. e4 e5 2. Nf3 Nc6 3. Bc4 Nf6 4. Ng5 d5 5. exd5 Na5 6. Bb5+ c6 7. dxc6 bxc6 8. Bd3 Nd5 9. Nf3 Bd6 10. Be2 Nf4 11. 0-0 Nxg2 12. Kxg2 e4 13. d3 exf3+ 14. Bxf3 Qh4 15. Re1+ Be6 16. Rxe6+ fxe6 17. h3 0-0 18. Nc3 Rf6 19. Be3 Rg6+ 20. Kf1 Qxh3+ 21. Ke2 Rf6 22. Qh1 Qxh1 23. Rxh1 Bf4 24. b4 Bxe3 25. Kxe3 Raf8 26. Rh3 Nb7 27. Bxc6 Nd6 28. Ne4 Nxe4 29. Bxe4 g6 30. f3 e5 31. c4 Rb8 32. b5 Kg7 33. Rh2 Rd6 34. a4 h5 35. c5 Rd4 36. c6 Rxa4 37. c7 Rc8 38. Rc2 Rxe4+ 39. Kxe4 Kf6 40. Rc6+ Ke7 41. Kxe5 Kd7 42. Rxg6 Re8+ 43. Kf4 Kxc7 44. Kg5 Re5+ 45. Kh4 Rxb5 46. f4 Rd5 47. Rg5 Rd4 48. Rc5+ Kb6 49. Rc4 Rxd3 50. Kxh5 a5 51. f5 Rf3 52. Kg6 Kb5 53. Rc8 a4 54. f6 a3 55. f7 Kb4 56. f8Q+ Rxf8 57. Rxf8 a2 58. Ra8 Kb3 59. Rxa2 Kxa2 1/2-1/2

[Event "Tromsoe Sept op"]
[Site "Tromsoe"]
[Date "2021.09.03"]
[Round "5"]
[White "Halvorsen, Benjamin"]
[Black "Joensen, John"]
[Result "0-1"]
[WhiteElo "1778"]
[BlackElo "1958"]
[PlyCount "68"]
[EventDate "2021.09.03"]
[EventType "swiss"]
[EventRounds "5"]
[EventCountry "NOR"]
[SourceTitle "EXT 2022"]
[Source "ChessBase"]
[SourceDate "2021.10.06"]
[SourceVersion "1"]
[SourceVersionDate "2021.10.06"]
[SourceQuality "1"]

1. e4 e5 2. Nf3 Nc6 3. Bc4 Bc5 4. b4 Bxb4 5. c3 Ba5 6. d4 exd4 7. 0-0 d6 8. cxd4 Bb6 9. Qb3 Na5 10. Qa4+ Bd7 11. Bb5 a6 12. Bxd7+ Qxd7 13. Qd1 Ne7 14. Nbd2 Nac6 15. Bb2 d5 16. e5 0-0 17. Re1 Nf5 18. Nb3 Na5 19. Qd3 Nc4 20. Bc3 Qe6 21. Ng5 Qg6 22. f4 h6 23. Nf3 Nxd4 24. f5 Nxf3+ 25. Kh1 Nxe1 26. Rxe1 Qg5 27. Qxd5 Ne3 28. Qf3 Ng4 29. h3 Nf2+ 30. Kh2 Rad8 31. Re2 Rd3 32. Bd2 Rxf3 33. Bxg5 Rxb3 34. axb3 hxg5 0-1

[Event "Tromsoe Sept op"]
[Site "Tromsoe"]
[Date "2021.09.03"]
[Round "4"]
[White "Remman, Frank"]
[Black "Halvorsen, Benjamin"]
[Result "0-1"]
[WhiteElo "1869"]
[BlackElo "1778"]
[PlyCount "90"]
[EventDate "2021.09.03"]
[EventType "swiss"]
[EventRounds "5"]
[EventCountry "NOR"]
[SourceTitle "EXT 2022"]
[Source "ChessBase"]
[SourceDate "2021.10.06"]
[SourceVersion "1"]
[SourceVersionDate "2021.10.06"]
[SourceQuality "1"]

1. d4 f5 2. Nc3 d5 3. Bg5 Nf6 4. Bxf6 exf6 5. e3 Be6 6. Bd3 c6 7. Qf3 Qd7 8. a3 Bd6 9. Nge2 0-0 10. Ng3 f4 11. Qh5 g6 12. Bxg6 hxg6 13. Qxg6+ Qg7 14. Qxg7+ Kxg7 15. Nh5+ Kf7 16. Nxf4 Bxf4 17. exf4 Rg8 18. Rg1 Bh3 19. Kf1 Bf5 20. Rc1 Nd7 21. f3 Nb6 22. b3 Rae8 23. g4 Re3 24. Nb1 Rxf3+ 25. Ke2 Be4 26. Nd2 Rh3 27. Nxe4 Re8 28. Kf2 Rxe4 29. Kg2 Rc3 30. Rgf1 Rxd4 31. Rf2 Nd7 32. Rcf1 Nc5 33. g5 Ne4 34. Re2 fxg5 35. fxg5+ Kg6 36. h4 Rg3+ 37. Kh2 Rg4 38. Kh3 Rxh4+ 39. Kxh4 Nc3+ 40. Kh3 Nxe2 41. Rf6+ Kxg5 42. Rf7 Rd2 43. c4 Rd3+ 44. Kg2 Rxb3 45. cxd5 Nf4+ 0-1

[Event "Skien-ch U20"]
[Site "Skien"]
[Date "2019.11.08"]
[Round "2"]
[White "Nordquelle, Daniel"]
[Black "Halvorsen, Benjamin"]
[Result "1-0"]
[WhiteElo "2190"]
[BlackElo "1868"]
[PlyCount "53"]
[EventDate "2019.11.08"]
[EventType "swiss"]
[EventRounds "7"]
[EventCountry "NOR"]
[SourceTitle "CBM 193 Extra"]
[Source "ChessBase"]
[SourceDate "2020.01.31"]
[SourceVersion "1"]
[SourceVersionDate "2020.01.31"]
[SourceQuality "1"]

1. e4 d5 2. exd5 Qxd5 3. Nc3 Qa5 4. d4 Nf6 5. Nf3 Bf5 6. Bc4 e6 7. 0-0 c6 8. Re1 Bb4 9. Bd2 Bxc3 10. Bxc3 Qc7 11. Bb3 0-0 12. Bb4 Rd8 13. c4 Na6 14. Bc3 c5 15. Qc1 cxd4 16. Bxd4 Ng4 17. Qc3 Nc5 18. h3 Rxd4 19. Qxd4 Rd8 20. Qc3 Nxf2 21. Kxf2 Nd3+ 22. Kg1 Bxh3 23. Re2 Qg3 24. Rd1 Bxg2 25. Rxg2 Qxg2+ 26. Kxg2 Nf4+ 27. Kf2 1-0

[Event "Helsingor Xtracon op"]
[Site "Helsingor"]
[Date "2019.07.28"]
[Round "10"]
[White "Fjallheim, Benjamin Reinert"]
[Black "Halvorsen, Benjamin"]
[Result "1-0"]
[WhiteElo "1612"]
[BlackElo "1789"]
[PlyCount "37"]
[EventDate "2019.07.20"]
[EventType "swiss"]
[EventRounds "10"]
[EventCountry "DEN"]
[SourceTitle "CBM 191 Extra"]
[Source "ChessBase"]
[SourceDate "2019.09.30"]
[SourceVersion "1"]
[SourceVersionDate "2019.09.30"]
[SourceQuality "1"]

1. Nf3 d5 2. g3 e6 3. Bg2 Nf6 4. d3 Nc6 5. 0-0 Bd6 6. Nbd2 0-0 7. c4 d4 8. Nb3 e5 9. Ng5 Bf5 10. f4 exf4 11. Bxf4 Bxf4 12. Rxf4 Ng4 13. Bxc6 bxc6 14. Nxd4 Qxg5 15. Nxf5 Qh5 16. h4 g5 17. Rxg4 h6 18. e4 Kh7 19. hxg5 1-0

[Event "Helsingor Xtracon op"]
[Site "Helsingor"]
[Date "2019.07.20"]
[Round "1"]
[White "Halvorsen, Benjamin"]
[Black "Soraas, Torben"]
[Result "0-1"]
[WhiteElo "1789"]
[BlackElo "2266"]
[PlyCount "38"]
[EventDate "2019.07.20"]
[EventType "swiss"]
[EventRounds "10"]
[EventCountry "DEN"]
[SourceTitle "CBM 191 Extra"]
[Source "ChessBase"]
[SourceDate "2019.09.30"]
[SourceVersion "1"]
[SourceVersionDate "2019.09.30"]
[SourceQuality "1"]

1. e4 e6 2. d4 d5 3. exd5 exd5 4. Nf3 Bd6 5. c4 dxc4 6. Bxc4 Nf6 7. 0-0 0-0 8. Bg5 Bg4 9. Qb3 Nc6 10. Bd5 Bxf3 11. Bxf3 Nxd4 12. Qxb7 Rb8 13. Qxa7 Nxf3+ 14. gxf3 Qd7 15. Kg2 Qf5 16. Bxf6 Qxf6 17. Qe3 Rfe8 18. Qd3 Qg5+ 19. Kh1 Qf4 0-1

[Event "Dublin Irish op"]
[Site "Dublin"]
[Date "2019.04.21"]
[Round "7"]
[White "Halvorsen, Benjamin"]
[Black "Remenyik, David"]
[Result "1-0"]
[WhiteElo "1767"]
[BlackElo "1798"]
[PlyCount "75"]
[EventDate "2019.04.17"]
[EventType "swiss"]
[EventRounds "9"]
[EventCountry "IRL"]
[SourceTitle "CBM 190 Extra"]
[Source "ChessBase"]
[SourceDate "2019.07.15"]
[SourceVersion "1"]
[SourceVersionDate "2019.07.15"]
[SourceQuality "1"]

1. e4 e6 2. d4 d5 3. Nc3 Nf6 4. Bg5 Be7 5. e5 Nfd7 6. h4 h6 7. Bxe7 Qxe7 8. Qg4 Kf8 9. Rh3 c5 10. Rg3 f5 11. exf6 Nxf6 12. Rf3 Nc6 13. dxc5 Ne5 14. Qf4 Nxf3+ 15. Nxf3 g5 16. hxg5 hxg5 17. Qxg5 Rh5 18. Qd2 Bd7 19. 0-0-0 Qxc5 20. Qf4 Ke7 21. g4 Rh1 22. Ne5 Be8 23. Ne2 Ne4 24. Nd4 Rc8 25. f3 Nf2 26. Re1 Nh3 27. Qe3 Rh2 28. Bd3 Nf2 29. Bg6 Ne4 30. fxe4 Rxc2+ 31. Kb1 Bxg6 32. Nxg6+ Kf7 33. Ne5+ Ke8 34. Nxc2 Qxc2+ 35. Ka1 d4 36. Qf4 Rc7 37. Rf1 Ke7 38. Qf8# 1-0

[Event "Dublin Irish op"]
[Site "Dublin"]
[Date "2019.04.17"]
[Round "1"]
[White "Halvorsen, Benjamin"]
[Black "Li, Henry"]
[Result "1/2-1/2"]
[WhiteElo "1767"]
[BlackElo "2308"]
[PlyCount "58"]
[EventDate "2019.04.17"]
[EventType "swiss"]
[EventRounds "9"]
[EventCountry "IRL"]
[SourceTitle "CBM 189 Extra"]
[Source "ChessBase"]
[SourceDate "2019.05.31"]
[SourceVersion "1"]
[SourceVersionDate "2019.05.31"]
[SourceQuality "1"]

1. e4 e5 2. Nf3 Nc6 3. Bc4 Nf6 4. Ng5 d5 5. exd5 Na5 6. Bb5+ c6 7. dxc6 bxc6 8. Be2 h6 9. Nf3 e4 10. Ne5 Bd6 11. d4 exd3 12. Nxd3 Qc7 13. h3 0-0 14. 0-0 c5 15. Nc3 Rb8 16. Ne1 Rd8 17. Bd2 c4 18. Qc1 Bf5 19. Nf3 Bh7 20. Rd1 Re8 21. Be3 Ne4 22. Nxe4 Rxe4 23. Qd2 Bc5 24. Bxc5 Qxc5 25. Nd4 Rxb2 26. Qc3 Rb8 27. Bf3 Ree8 28. Nb3 Nxb3 29. axb3 Rbc8 1/2-1/2

[Event "Stavanger op"]
[Site "Stavanger"]
[Date "2018.10.11"]
[Round "2"]
[White "Mansoor, Afras"]
[Black "Halvorsen, Benjamin"]
[Result "1/2-1/2"]
[WhiteElo "2090"]
[BlackElo "1740"]
[PlyCount "112"]
[EventDate "2018.10.10"]
[EventType "swiss"]
[EventRounds "9"]
[EventCountry "NOR"]
[SourceTitle "CBM 186 Extra"]
[Source "ChessBase"]
[SourceDate "2018.08.24"]
[SourceVersion "1"]
[SourceVersionDate "2018.08.24"]
[SourceQuality "1"]

1. c4 e5 2. g3 Nc6 3. Nc3 g6 4. Bg2 Bg7 5. d3 d6 6. e4 Nge7 7. Nge2 0-0 8. 0-0 f5 9. Be3 Nd4 10. Bxd4 exd4 11. Nb5 c5 12. exf5 Rxf5 13. Nf4 a6 14. Na3 Rb8 15. Re1 Re5 16. Nd5 Nxd5 17. Bxd5+ Kh8 18. Qf3 b5 19. Qf7 Bf5 20. Rad1 Qa5 21. Nc2 Rf8 22. Qb7 Bg4 23. f3 Bc8 24. Qb8 Rd8 25. cxb5 axb5 26. Qa8 Ba6 27. Qc6 Rc8 28. Rxe5 dxe5 29. Qe6 Rb8 30. Qd6 Qb6 31. Qxb6 Rxb6 32. b3 Rd6 33. Be4 c4 34. dxc4 bxc4 35. bxc4 Bxc4 36. Nb4 Rb6 37. a3 Bf8 38. f4 exf4 39. gxf4 Bc5 40. Kg2 Bxb4 41. axb4 Rxb4 42. Kf2 Rb2+ 43. Kg3 d3 44. Kf3 d2 45. Ke3 Rb3+ 46. Kxd2 Rh3 47. Rc1 Rxh2+ 48. Ke3 Be6 49. Rc7 Bf5 50. Bxf5 gxf5 51. Rf7 Rh5 52. Kd4 Kg8 53. Rf6 Kg7 54. Ke5 h6 55. Rxf5 Rxf5+ 56. Kxf5 Kf7 1/2-1/2

[Event "Oslo op"]
[Site "Oslo"]
[Date "2018.10.04"]
[Round "7"]
[White "Halvorsen, Benjamin"]
[Black "Landsverk, Ida"]
[Result "1-0"]
[WhiteElo "1768"]
[BlackElo "1348"]
[PlyCount "55"]
[EventDate "2018.09.30"]
[EventType "swiss"]
[EventRounds "10"]
[EventCountry "NOR"]
[SourceTitle "EXT 2020"]
[Source "ChessBase"]
[SourceDate "2019.10.17"]
[SourceVersion "1"]
[SourceVersionDate "2019.10.17"]
[SourceQuality "1"]

1. e4 c6 2. d4 d5 3. f3 e6 4. Nc3 Bb4 5. Bf4 Nf6 6. Qd3 0-0 7. Nge2 b5 8. a3 Be7 9. Bg5 a5 10. e5 Ne8 11. Bxe7 Qxe7 12. Ng3 Ba6 13. Qe3 Nd7 14. Bd3 g6 15. h4 Ng7 16. h5 b4 17. Nce2 Bxd3 18. cxd3 Nf5 19. Nxf5 exf5 20. Qh6 g5 21. Ng3 Qe6 22. Qxg5+ Kh8 23. Qxf5 Qh6 24. f4 Rg8 25. Kf2 Qg7 26. Rh3 Nf8 27. axb4 Ne6 28. h6 1-0

[Event "Oslo op"]
[Site "Oslo"]
[Date "2018.10.04"]
[Round "6"]
[White "Khoo Thwe, Louis"]
[Black "Halvorsen, Benjamin"]
[Result "1/2-1/2"]
[WhiteElo "1530"]
[BlackElo "1768"]
[PlyCount "67"]
[EventDate "2018.09.30"]
[EventType "swiss"]
[EventRounds "10"]
[EventCountry "NOR"]
[SourceTitle "EXT 2020"]
[Source "ChessBase"]
[SourceDate "2019.10.17"]
[SourceVersion "1"]
[SourceVersionDate "2019.10.17"]
[SourceQuality "1"]

1. e4 d5 2. exd5 Qxd5 3. Nc3 Qa5 4. d4 Nf6 5. Nf3 c6 6. Bd2 Bg4 7. Be2 e6 8. 0-0 Nbd7 9. h3 Bh5 10. Re1 Qc7 11. Ng5 Bxe2 12. Qxe2 Be7 13. Nxf7 Kxf7 14. Qxe6+ Kg6 15. Qxe7 Rhe8 16. Qb4 b5 17. d5 a5 18. Qd4 b4 19. d6 Qb7 20. Qd3+ Kf7 21. Ne4 h6 22. Nxf6 Nxf6 23. Rad1 Rad8 24. Bf4 Qd7 25. Re7+ Qxe7 26. dxe7 Rxd3 27. Rxd3 Rxe7 28. Rd6 Re4 29. Be3 Rc4 30. Rd2 Nd5 31. Bd4 Nf4 32. Be3 Nd5 33. Bd4 Nf4 34. Be3 1/2-1/2

[Event "Oslo op"]
[Site "Oslo"]
[Date "2018.10.01"]
[Round "2"]
[White "Halvorsen, Benjamin"]
[Black "Larre, Linnea"]
[Result "0-1"]
[WhiteElo "1768"]
[BlackElo "1485"]
[PlyCount "96"]
[EventDate "2018.09.30"]
[EventType "swiss"]
[EventRounds "10"]
[EventCountry "NOR"]
[SourceTitle "EXT 2020"]
[Source "ChessBase"]
[SourceDate "2019.10.17"]
[SourceVersion "1"]
[SourceVersionDate "2019.10.17"]
[SourceQuality "1"]

1. e4 c6 2. d4 d5 3. f3 e6 4. Nc3 Nf6 5. Bf4 Be7 6. Qd3 Nbd7 7. Nge2 0-0 8. Ng3 c5 9. 0-0-0 c4 10. Qe3 Qa5 11. exd5 Nxd5 12. Nxd5 Qxd5 13. Ne4 b5 14. Nc3 Qb7 15. Qe4 b4 16. Qxb7 Bxb7 17. Ne4 Rfc8 18. Bd6 Kf8 19. Nc5 Bxd6 20. Nxb7 Bf4+ 21. Kb1 a5 22. g3 Bb8 23. f4 Ra7 24. Bg2 c3 25. b3 a4 26. bxa4 Rxa4 27. Nc5 Nxc5 28. dxc5 Ke7 29. Bb7 Rxc5 30. Rhe1 Bd6 31. Bd5 Ra7 32. f5 e5 33. Rd3 Rd7 34. Red1 Bc7 35. h3 h6 36. g4 Bb8 37. h4 Ra5 38. g5 hxg5 39. hxg5 Raa7 40. Rh1 Ra5 41. f6+ gxf6 42. gxf6+ Kxf6 43. Rf3+ Ke7 44. Rxf7+ Kd8 45. Rh8+ Kc7 46. Rxb8 Raxd5 47. Rxd7+ Rxd7 48. Rxb4 Rd1# 0-1

[Event "Tromsoe Mars GP B"]
[Site "Tromsoe"]
[Date "2017.03.26"]
[Round "7"]
[White "Halvorsen, Benjamin"]
[Black "Trondsen, Nils Tore"]
[Result "1-0"]
[WhiteElo "1561"]
[BlackElo "1049"]
[PlyCount "51"]
[EventDate "2017.03.24"]
[EventType "swiss"]
[EventRounds "7"]
[EventCountry "NOR"]
[SourceTitle "EXT 2024"]
[Source "ChessBase"]
[SourceDate "2023.10.10"]
[SourceVersion "1"]
[SourceVersionDate "2023.10.10"]
[SourceQuality "1"]

1. e4 e6 2. d4 d5 3. Nd2 dxe4 4. Nxe4 Nd7 5. Nf3 Ngf6 6. Bg5 Be7 7. Ng3 h6 8. Bf4 0-0 9. Qd2 c5 10. Bd3 cxd4 11. Bxh6 g6 12. Bxf8 Nxf8 13. h4 N6h7 14. h5 g5 15. Nxd4 Qb6 16. 0-0-0 Bd7 17. Bxh7+ Nxh7 18. Ndf5 Bf6 19. Nh6+ Kg7 20. b3 Bb5 21. Ng4 Be7 22. h6+ Kg8 23. Qc3 Ba3+ 24. Kb1 Bf8 25. Nf6+ Kh8 26. Nd7+ 1-0

[Event "Politiken Cup 37th"]
[Site "Helsingor"]
[Date "2015.07.31"]
[Round "8"]
[White "Naesborg, Jens Ole"]
[Black "Halvorsen, Benjamin"]
[Result "1-0"]
[WhiteElo "1900"]
[BlackElo "1728"]
[PlyCount "35"]
[EventDate "2015.07.25"]
[EventType "swiss"]
[EventRounds "10"]
[EventCountry "DEN"]
[SourceTitle "CBM 167 Extra"]
[Source "ChessBase"]
[SourceDate "2015.09.14"]
[SourceVersion "1"]
[SourceVersionDate "2015.09.14"]
[SourceQuality "1"]

1. e4 d5 2. d4 dxe4 3. Nc3 Nf6 4. Bg5 Bf5 5. f3 exf3 6. Nxf3 e6 7. Bxf6 Qxf6 8. Bd3 Bxd3 9. Qxd3 c6 10. 0-0 Qg6 11. Ne4 Nd7 12. Rae1 Bb4 13. c3 Be7 14. Qe2 0-0 15. Nfd2 Rad8 16. Rf3 Nf6 17. Rg3 Qh5 18. Nxf6+ 1-0

[Event "Politiken Cup 37th"]
[Site "Helsingor"]
[Date "2015.07.29"]
[Round "6"]
[White "Bakkejord, Odd Vidar"]
[Black "Halvorsen, Benjamin"]
[Result "0-1"]
[WhiteElo "1482"]
[BlackElo "1728"]
[PlyCount "38"]
[EventDate "2015.07.25"]
[EventType "swiss"]
[EventRounds "10"]
[EventCountry "DEN"]
[SourceTitle "CBM 167 Extra"]
[Source "ChessBase"]
[SourceDate "2015.09.14"]
[SourceVersion "1"]
[SourceVersionDate "2015.09.14"]
[SourceQuality "1"]

1. c4 e5 2. e3 Nf6 3. Nc3 d5 4. Nf3 e4 5. Nd4 c5 6. Nb3 d4 7. exd4 cxd4 8. Ne2 Nc6 9. d3 Bb4+ 10. Bd2 exd3 11. Bxb4 Nxb4 12. Nexd4 Qe7+ 13. Be2 dxe2 14. Nxe2 Be6 15. 0-0 Bxc4 16. Nd2 Bxe2 17. Qa4+ b5 18. Qb3 Bxf1 19. Kxf1 0-0 0-1